Implementácia metódy Value at Risk v podnikovej praxi diplomová práca

Gespeichert in:
Bibliographische Detailangaben
1. Verfasser: Skrypachov, Eduard, 1990-
Körperschaft: Podnikovohospodárska fakulta EU so sídlom v Košiciach. Katedra kvantitatívnych metód
Weitere Verfasser: Tkáč, Michal, 1958-
Format: Buch
Sprache:Slowakisch
Veröffentlicht: Košice 2016
Tags: Tag hinzufügen
Keine Tags, Fügen Sie das erste Tag hinzu!

MARC

LEADER 00000nbm a2200000 4500
001 0217805
005 20161213112002.1
041 0 |a slo 
044 |a SK 
245 1 0 |a Implementácia metódy Value at Risk v podnikovej praxi  |b diplomová práca  |c Eduard Skrypachov ; školiteľ: Michal Tkáč 
264 1 |a Košice  |c 2016 
300 |a 58 s. 
100 1 |a Skrypachov, Eduard, 1990- 
700 1 |a Tkáč, Michal, 1958- 
710 2 |a Podnikovohospodárska fakulta EU so sídlom v Košiciach. Katedra kvantitatívnych metód